Property Factors (Scotland) Act 2011 code of conduct for property factors (Record no. 114554)

MARC details
000 -LEADER
fixed length control field 01105cad a22002175a 4500
001 - CONTROL NUMBER
control field E157037
008 - FIXED-LENGTH DATA ELEMENTS--GENERAL INFORMATION
fixed length control field 120816s2012 xxk f s000 0 eng d
020 ## - INTERNATIONAL STANDARD BOOK NUMBER
International Standard Book Number 9781780459455
035 ## - SYSTEM CONTROL NUMBER
System control number (Sirsi) u157037
041 0# - LANGUAGE CODE
Language code of text/sound track or separate title eng
110 2# - MAIN ENTRY--CORPORATE NAME
Corporate name or jurisdiction name as entry element Scotland
Subordinate unit Scottish Government
9 (RLIN) 5344
245 00 - TITLE STATEMENT
Title Property Factors (Scotland) Act 2011 code of conduct for property factors
Remainder of title effective from 1 October 2012
Medium [electronic resource]
260 ## - PUBLICATION, DISTRIBUTION, ETC.
Place of publication, distribution, etc. Edinburgh
Name of publisher, distributor, etc. Scottish Government
Date of publication, distribution, etc. 2012
520 ## - SUMMARY, ETC.
Summary, etc. Sets out minimum standards of practice for registered property factors, in relation to the Property Factors (Scotland) Act 2011 S14. The Code is one of three main elements to the Act, the other two being: a register of all property factors operating in Scotland; and a dispute resolution mechanism (the homeowner housing panel).
590 ## - LOCAL NOTE (RLIN)
Local note KA NTK
650 24 - SUBJECT ADDED ENTRY--TOPICAL TERM
Topical term or geographic name entry element PROPERTY FACTORS (SCOTLAND) ACT 2011
651 #4 - SUBJECT ADDED ENTRY--GEOGRAPHIC NAME
Geographic name Scotland
Chronological subdivision 1999-
690 ## - LOCAL SUBJECT ADDED ENTRY--TOPICAL TERM (OCLC, RLIN)
Topical term or geographic name as entry element Landlord and tenant
9 (RLIN) 6252
856 40 - ELECTRONIC LOCATION AND ACCESS
Uniform Resource Identifier <a href="https://www.scotland.gov.uk/Publications/2012/07/6791">https://www.scotland.gov.uk/Publications/2012/07/6791</a>
Public note View the consultation free of charge at www.scotland.gov.uk
942 ## - ADDED ENTRY ELEMENTS (KOHA)
Suppress in OPAC 0
Holdings
Withdrawn status Lost status Source of classification or shelving scheme Damaged status Not for loan Home library Current library Shelving location Date acquired Total Checkouts Full call number Barcode Date last seen Copy number Price effective from Koha item type
    Dewey Decimal Classification     Virtual Virtual Online 16/08/2012   ONLINE PUBLICATION 157037-2001 06/08/2019 1 06/08/2019 Book